000 00874nam a2200253Ia 4500
003 OSt
005 20220923220504.0
006 a|||||r|||| 00| 0
007 ta
008 220922b |||||||| |||| 00| 0 hin d
024 _a186,944
037 _cTextual
040 _aARTS
_cARTS
_bhin
041 _2hin
_ahin
082 _aX4.2'A, 152J3;K6
100 _aमोतीचन्द्र
245 0 _aसार्थवाह
_b प्राचीन भारत की पथ पद्धति
246 _aSārthavāha: prāchīn bhārat kī path paddhati
260 _aपटना
_b बिहार राष्ट्रभाषा परिषद
_c1966
300 _a237 पृ.
_ccm.
650 _aअर्थशास्त्र
942 _hX4.2'A, 152J3;K6
_cTEXL
_2CC
999 _c340187
_d340187